| 000 | 00343nam a22001457a 4500 | ||
|---|---|---|---|
| 008 | 230414b ||||| |||| 00| 0 eng d | ||
| 020 | _a031488940 | ||
| 041 | _aeng | ||
| 080 |
_2SEVENTH EDITION _a34 |
||
| 082 | _a34LOC | ||
| 100 | _a31 | ||
| 101 | _aJURED | ||
| 245 |
_aCONSTITUTIONAL RIGHTS AND LIBERTIES _cLOCKHART.B.W |
||
| 942 |
_2udc _cBK |
||
| 999 |
_c59563 _d59563 |
||